000 00592nam a2200217Ia 4500
005 20241216011056.0
008 190212s9999||||xx |||||||||||||| ||und||
082 _a658.57
_bK26
100 _aKAUFMANN, A. Y OTRO
245 0 _aMETODOS Y MODELOS DE LA INVESTIGACION DE OPERACIONES
250 _a0
260 _aMEXICO
_bCONTINENTAL S.A.
_c1976
300 _a407 pag
_c23 cm
341 _h0
490 _v0
_a3
505 _aMATEMATICA-DESARROLLO/PROGRAMACION-METODOS
541 _aC
_d19-Nov-93
_oSoles
650 _aCIENCIAS APLICADAS
856 _zCiencias Aplicadas
942 _cLIBRO
999 _c31961
_d31961